header

Principles of visual anthropology (Record no. 242593)

MARC details
000 -LEADER
fixed length control field 01281nam a2200337 a 4500
245 00 - TITLE STATEMENT
Title Principles of visual anthropology
250 ## - EDITION STATEMENT
Edition statement 3rd ed.
260 ## - PUBLICATION, DISTRIBUTION, ETC. (IMPRINT)
Place of publication Berlin :
Name of publisher Mouton de Gruyter,
Year of publication 2003.
300 ## - PHYSICAL DESCRIPTION
Number of Pages xix, 562 p. :
Other physical details ill.
650 #0 - SUBJECT ADDED ENTRY--TOPICAL TERM
Topical Term Visual anthropology.
Topical Term Anthropology
Topical Term Motion pictures in ethnology.
700 1# - ADDED ENTRY--PERSONAL NAME
Personal name Hockings, Paul.
856 40 - ELECTRONIC LOCATION AND ACCESS
Uniform Resource Identifier http://site.ebrary.com/lib/rucke/Doc?id=10498661

No items available.

© 2026 Rongo University
Contact us: librarian | system librarian | Rongo university